[Event "TV Tegernsee 1-SK Landau-Dingolfing 1"]
[Site "?"]
[Date "2025.03.23"]
[Round "8.7"]
[White "Zinner, Bernhard"]
[Black "Stoib, Marinus"]
[Result "0-1"]
[WhiteElo "1707"]
[BlackElo "1912"]
[Annotator "Stockfish 17"]
[PlyCount "136"]
[EventDate "2025.??.??"]
[WhiteTeam "SK Landau-Dingolfing 1"]
[BlackTeam "TV Tegernsee 1"]

{[%evp 19,136,13,15,13,20,1,39,9,53,48,73,32,37,11,12,14,25,-24,7,8,8,9,11,9,
11,11,12,6,30,38,147,29,134,134,232,230,326,332,331,333,339,197,211,161,152,-9,
-6,-3,-1,-46,-47,-365,-352,-359,-356,-370,-363,-366,-317,-375,-376,-381,-362,
-383,-326,-345,-322,-312,-337,-330,-328,-325,-300,-303,-300,-326,-321,-312,
-308,-298,-305,-459,-327,-390,-350,-337,-339,-331,-332,-379,-312,-421,-400,
-494,-449,-439,-350,-513,-501,-643,-682,-659,-626,-877,-820,-748,-873,-807,
-739,-29990,-29991,-29990,-1248,-29993,-29994,-29997,-29998,-29998,-29999]} 1.
d4 Nf6 2. c4 g6 3. Nf3 Bg7 4. g3 O-O 5. Bg2 d6 6. O-O Nbd7 7. Nc3 e5 8. dxe5
dxe5 9. e4 c6 10. Qe2 Qe7 11. Rd1 Re8 12. b3 Qb4 13. Bd2 {[#] Schwarz muss nun
Sb5 beachten.Weiß steht etwas besser.} Qb6 14. Rac1 Nf8 15. Na4 Qc7 16. Bb4
Bg4 17. Bd6 $11 Qc8 18. Nc5 Ne6 19. Nxe6 Qxe6 20. Qe3 Bxf3 21. Bxf3 Rad8 22.
Bb4 b6 23. Kg2 c5 24. Bc3 {[#]} Rd4 $2 25. Re1 ({Weiss kommt nicht vorbei an} 
25. Bxd4 $16 exd4 26. Qf4 h5 27. e5 Ng4 28. Bd5) 25... Red8 (25... Rd6 $11 {
bleibt in der Remisbreite.}) 26. Bxd4 $1 $16 exd4 (26... cxd4 $16 {ist wohl
besser.} 27. Qd2 Bf8) 27. Qf4 $18 Rd7 (27... h5 $142 28. e5 Nh7) 28. e5 Ne8 29.
Bg4 (29. Bd5 Rxd5 30. cxd5 Qxd5+ 31. Qe4 $18) 29... Qc6+ 30. Kh3 $6 (30. Qf3
$142 Qxf3+ 31. Bxf3 (31. Kxf3 Re7 $16)) 30... Re7 31. e6 $6 fxe6 32. Qe4 $2 (
32. Bf3 $16 Qd7 33. Qb8) 32... Qxe4 $11 33. Rxe4 e5 34. f4 {und nun wäre fxe5
stark für Weiss.} Nd6 35. Rxe5 $2 {[%mdl 8192] verliert} (35. Rce1 Nxe4 36.
Rxe4 Kf7 37. Kg2 $11) 35... Bxe5 $19 36. fxe5 Rxe5 {[%mdl 4096] Endspiel
KTL-KTS} 37. Rf1 h5 38. Bf3 Kg7 39. Kg2 Nf5 40. Kf2 Ne3 41. Rg1 Kh6 42. h3 g5
43. g4 h4 44. Be2 Re4 45. Bd3 Rf4+ 46. Ke2 Kg7 47. Bb1 Kf6 48. Bd3 Ke5 49. Re1
Rf6 50. Bb1 Kf4 {...Kg3 ist eine echte Drohung.} 51. Kf2 Nxg4+ 52. hxg4 Kxg4+
$19 {KTL-KT} 53. Kg1 Kg3 54. Kh1 {Falls Weiss jetzt zu Tg1+ käme, bestünde
noch etwas Hoffnung.} g4 55. Bd3 {Weiss hofft, mit Tg1+ fortzusetzen.} Rf2 56.
Be2 Kf4 57. Kg1 g3 58. a4 (58. Bf1 {war angesagt.}) 58... h3 59. Bd3 Rd2 60.
Be4 d3 61. Bd5 Re2 {[%cal Re2e1]} 62. Rf1+ Ke5 {( -> ...d2)} 63. Bf3 Kd4 {
zielt auf ...h2+ ab.} 64. Bd5 d2 65. Bf3 Ke3 (65... h2+ $142 66. Kh1 Re1 67.
Kg2 Rxf1 68. Kh3 Rxf3 69. Kh4 g2 70. Kg4 g1=Q+ 71. Kxf3 h1=Q+ 72. Kf4 Qe4#) 66.
a5 Rf2 {Schwarz setzt Matt.} 67. axb6 Rxf1+ {[%mdl 64] [#] Grundreihe} 68. Kxf1
Kxf3 {[%cal Rd2d1]} 0-1

[Event "TV Tegernsee 1-SK Landau-Dingolfing 1"]
[Site "?"]
[Date "2025.03.23"]
[Round "8.8"]
[White "Rassl, Bernhard"]
[Black "Barone, Giacomo"]
[Result "1/2-1/2"]
[WhiteElo "1915"]
[BlackElo "1479"]
[Annotator "Stockfish 17"]
[PlyCount "44"]
[EventDate "2025.??.??"]
[WhiteTeam "TV Tegernsee 1"]
[BlackTeam "SK Landau-Dingolfing 1"]

{[%evp 25,44,-6,0,-15,-11,-4,0,-11,117,105,164,178,195,195,228,168,160,152,151,
147,245]} 1. e4 c5 2. Nc3 Nc6 3. g3 e6 4. Bg2 Nf6 5. Nge2 Be7 6. O-O d6 7. h3
a6 8. a4 Bd7 9. d4 cxd4 10. Nxd4 Qc7 11. Nxc6 Bxc6 12. Be3 O-O 13. a5 Nd7 14.
Qd2 Rac8 15. Rfd1 f5 16. Bf4 {[%cal Rf4d6]} e5 $6 {[#]} (16... Ne5 $11) 17. Be3
$1 $16 fxe4 $2 18. Nd5 {Weiß steht deutlich besser.} ({Schwächer ist} 18.
Bxe4 Nf6 $11) 18... Bxd5 19. Qxd5+ {[%mdl 64] Doppelangriff} Kh8 {Mit der Idee
...Sf6.} 20. Bxe4 Nf6 21. Qxb7 Nxe4 22. Qxe4 Qxc2 (22... Qxc2 23. Qb7 {bei +3.
20 hat Weiß gewaltige Gewinnchancen}) 1/2-1/2

[Event "SK Starnberg 1-SK Bruckmuehl 1"]
[Site "?"]
[Date "2025.03.23"]
[Round "8.1"]
[White "Blaskowski, Johannes"]
[Black "Steinmueller, Stephan"]
[Result "1/2-1/2"]
[WhiteElo "2227"]
[BlackElo "2112"]
[Annotator "Stockfish 17"]
[PlyCount "65"]
[EventDate "2025.??.??"]
[WhiteTeam "SK Bruckmühl 1"]
[BlackTeam "SK Starnberg 1"]

{[%evp 12,65,50,20,18,21,26,25,22,28,25,29,42,-6,-7,-7,-6,-9,10,14,31,10,10,
-15,16,1,72,44,57,44,62,55,54,18,28,-38,-34,-69,-70,-68,-31,-234,-223,-209,0,0,
0,0,0,0,0,0,0,0,0,0]} 1. e4 c5 2. Nf3 e6 3. d4 cxd4 4. Nxd4 a6 5. Nc3 Qc7 6.
Bd3 Nf6 7. f4 b5 {[%cal Bb7b5,Bb5b4][%mdl 32]} 8. e5 b4 $1 9. Na4 Nd5 10. Be4 (
10. Qe2 Nc6 11. Nf3 d6 12. O-O Bd7 13. b3 Be7 14. Bd2 O-O {Beisteiner,
J-Weissenbeck,M Staatsliga B-Ost 1993}) 10... Bb7 $1 11. O-O Nb6 12. Bxb7 (12.
Nxb6 {hält die Spannung aufrecht.} Qxb6 13. Bxb7 Qxb7 14. f5 Qd5 15. c4) 12...
Qxb7 13. Nxb6 Qxb6 14. Kh1 Bc5 15. Nb3 $36 {[%mdl 2048] Schwarz steht unter
Druck.} Be7 16. f5 exf5 17. Qf3 Qc6 18. Qxf5 Qe6 (18... Qg6 $11) 19. Qf3 (19.
Nd4 $5 {[%cal Rd4e6]} Qg6 20. Qd3 $14) 19... Nc6 {[#]} 20. Nd4 $1 {[%cal Rd4e6]
} Qg6 21. Nf5 O-O $1 22. Be3 ({Natürlich nicht} 22. Qxc6 Qxf5 23. Rxf5 dxc6
$15) 22... Rfe8 23. Rad1 (23. Bf2 $11) 23... Bf8 $15 24. Nh4 ({Falsch wäre} 
24. Rxd7 $2 Nxe5 25. Qd5 Nxd7 $19) 24... Qe6 25. Bf4 Be7 26. Qh5 $2 {[#]} (26.
Qf2 $15) 26... g6 $1 $19 {[%cal Rg6h5]} 27. Qh6 g5 $2 (27... Nxe5 $19 28. Bg3
Ng4) 28. Bxg5 $11 Qxh6 29. Bxh6 Bxh4 30. Rf4 $1 {[%cal Rf4g4] Tg4+ ist eine
echte Drohung.} Bd8 31. Rg4+ Kh8 {Und ...Tg8 würde nun gewinnen.} 32. Bg7+ Kg8
{zielt auf ...h5 ab.} 33. Bh6+ 1/2-1/2

[Event "SK Starnberg 1-SK Bruckmuehl 1"]
[Site "?"]
[Date "2025.03.23"]
[Round "8.2"]
[White "Gschwendtner, Klaus"]
[Black "Caspers, Christian"]
[Result "0-1"]
[WhiteElo "2015"]
[BlackElo "1951"]
[Annotator "Stockfish 17"]
[PlyCount "167"]
[EventDate "2025.??.??"]
[WhiteTeam "SK Starnberg 1"]
[BlackTeam "SK Bruckmühl 1"]

{[%evp 11,167,-10,14,-12,34,18,15,19,54,9,53,53,62,61,66,40,159,130,153,149,
145,156,155,159,173,144,163,121,115,114,188,82,77,62,141,131,165,125,129,138,
168,174,240,233,237,153,236,214,213,204,205,197,192,173,219,176,246,75,85,76,
74,0,23,-28,76,72,70,67,94,88,81,81,91,72,147,108,218,211,216,52,230,237,281,
226,240,211,212,189,229,-31,-31,-37,-33,-35,0,0,0,0,0,0,2,3,5,5,5,7,9,9,11,11,
14,14,12,0,0,0,0,-77,0,0,-1,0,0,-3,410,402,487,466,486,479,494,475,502,467,464,
445,455,437,463,25,16,35,448,413,454,416,511,507,512,497,513,504,506,496,511,
501,522,479]} 1. e4 c5 2. Nf3 g6 3. d3 Bg7 4. g3 Nc6 5. Bg2 d6 6. O-O Rb8 7. a4
e6 8. Re1 Nge7 9. c3 O-O 10. Be3 b6 11. d4 d5 12. e5 h6 13. h4 c4 $2 (13... Nf5
$14) 14. Bf1 (14. Nbd2 $1 Nf5 15. Bf4 $16) 14... Bd7 $6 15. Nbd2 Na5 16. b3
cxb3 17. Nxb3 Nec6 18. Nbd2 Ne7 19. Nh2 Rc8 20. Rc1 Kh7 $6 (20... Nf5 $16 {
ist wohl besser.}) 21. g4 (21. Bf4 $1) 21... Nc4 $16 22. Bf4 Ng8 $6 (22... Qe8
$14) 23. g5 h5 24. Nxc4 dxc4 25. Be2 $1 Ne7 {[#]} 26. Bxh5 $1 Nd5 (26... Qe8
$142) (26... gxh5 $4 27. Qxh5+ Kg8 28. Ng4 $18) 27. Bd2 $18 Qe8 ({Ein No Go ist
} 27... gxh5 $6 28. Qxh5+ Kg8 29. Ng4) 28. Ra1 Rh8 $6 (28... gxh5 $2 29. Qxh5+
Kg8 30. Ng4 $18) (28... f5 $16) 29. Bg4 Bc6 30. h5 gxh5 31. Bxh5 Kg8 32. Bf3
Kf8 33. Ng4 Ke7 (33... Rh3 {war einen Versuch wert.} 34. Nf6 Bxf6 35. gxf6 Nxc3
) 34. Nf6 $2 (34. Kg2 $18) 34... Bxf6 $16 35. exf6+ Kd7 36. Qe2 $11 Qg8 {
Weiss muss nun ...Dh7 beachten.} 37. Kg2 ({Vergiftet wäre} 37. Qxc4 $2 Qh7 $19
) 37... Nxf6 {[#]} (37... Qh7 $11 38. Rh1 Qf5) 38. Bxc6+ $1 Rxc6 39. Rh1 $36 {
[%mdl 2048] Schwarz steht unter Druck.} Nd5 40. Rxh8 Qxh8 41. Rh1 Qg7 42. Qe4 {
Th7 ist eine echte Drohung.} f5 (42... Qg8 $142) 43. Qe2 Rc8 $2 (43... f4 $16 {
war nötig.}) 44. Rh6 $18 Re8 45. f4 $2 (45. Kf1 $18) 45... Qe7 $2 (45... a6 $1
$14) 46. Qxc4 Qd6 47. Rh7+ Re7 48. Rh8 {[%csl Gh8][%cal Rc4c8]} Nc7 49. Bc1 Rg7
50. Kg3 $2 (50. Kf3 $18) 50... Rxg5+ $1 $15 51. Kf3 Rg7 52. Be3 Qc6+ (52... Qa3
{fühlt sich spannender an.} 53. d5 exd5 54. Qd3 Rf7 55. Rh5 Kc6) 53. Qxc6+
Kxc6 $11 {[%mdl 4096] Endspiel KTL-KTS} 54. c4 Rd7 55. Rh6 Kb7 56. Ke2 a6 57.
d5 exd5 58. Rxb6+ Kc8 59. c5 d4 60. Bd2 {Droht Kd3 und aus.} d3+ 61. Kf3 Rd5
62. c6 Rd4 63. a5 Rd6 64. Kf2 $2 (64. Kg3 $11 {bleibt in der Remisbreite.})
64... Rd4 (64... Re6 $1 $19) 65. Ke1 Rc4 66. Kd1 Kd8 67. Bb4 {[%cal Rb6b8]} Kc8
$2 {[%mdl 8192]} (67... Nb5 $11 {und Schwarz steht sicher.} 68. Bf8 Nc3+ 69.
Kd2 Rd4 70. Kxc3 {[#]} d2 $1 71. Kxd4 d1=Q+ 72. Ke5 Qa1+ 73. Ke6 Qxa5) 68. Bd6
$18 Rd4 69. Be5 Rc4 70. Kd2 Rc5 71. Kxd3 Rc1 72. Bxc7 Kxc7 73. Rxa6 {KT-KT} Rf1
74. Ke3 Rd1 75. Kf3 $2 {verschenkt den Sieg} (75. Ra7+ $18 Kxc6 76. Rf7) 75...
Rd3+ $11 76. Ke2 (76. Kg2 {sieht schärfer aus.} Ra3 77. Kf2 Kd6 78. Ke2 Kc7
79. Ra8) 76... Rd5 $2 {[%mdl 8192]} ({Lieber} 76... Ra3 $14) 77. Ke3 $18 Rd1
78. Rb6 Ra1 79. Rb5 {Weiß steht klar auf Gewinn.} Kxc6 80. Rxf5 Kd6 81. Rh5
Ke6 82. a6 Kf6 83. Rh6+ Kf5 84. Rc6 {[%mdl 32768]} 0-1

[Event "SK Starnberg 1-SK Bruckmuehl 1"]
[Site "?"]
[Date "2025.03.23"]
[Round "8.3"]
[White "Kieffer, Joachim"]
[Black "Ponater, Michael"]
[Result "1-0"]
[WhiteElo "1991"]
[BlackElo "2034"]
[Annotator "Stockfish 17"]
[PlyCount "81"]
[EventDate "2025.??.??"]
[WhiteTeam "SK Bruckmühl 1"]
[BlackTeam "SK Starnberg 1"]

{[%evp 18,81,36,36,33,20,15,16,106,95,196,201,201,202,309,304,301,286,311,308,
378,399,395,363,356,332,430,423,493,455,466,449,491,441,482,437,501,494,494,
487,522,470,539,476,462,464,494,484,467,456,451,439,489,487,561,570,622,614,
619,613,665,677,892,878,861,795]} 1. e4 c5 2. c3 d5 3. exd5 Qxd5 4. d4 e6 5.
Nf3 Nf6 6. Be3 cxd4 7. cxd4 Bb4+ 8. Nc3 O-O 9. Bd3 Nc6 10. O-O Qh5 11. Ne5 Qxd1
12. Rfxd1 Nxe5 $6 {Beginn eines schlechten Plans} (12... Ne7 $11 {bleibt in
der Remisbreite.}) 13. dxe5 $16 Bxc3 $2 (13... Nd5 $16) 14. bxc3 $18 {[%cal
Bb2c3,Bc3c4,Bc4c5][%mdl 32]} Nd5 15. Bc5 Bd7 (15... Re8 $142 16. c4 Ne7 17. Be4
{ist auch sehr vorteilhaft}) 16. Bxf8 Kxf8 17. c4 {diese Stellung kann man
sich mit Stockfish ansehen. Schwarz steht schrecklich [#]} ({Weniger gut wäre
} 17. Bxh7 g6 $14) 17... Nb6 18. Be4 ({Schwächer ist} 18. Bxh7 g6 $14) 18...
Bc6 19. Bxc6 bxc6 {[%mdl 4096] Endspiel KTT-KTS} 20. c5 (20. Rd6 Nxc4 21. Rxc6
Nxe5 22. Rc7 $18) 20... Nd5 21. Rd3 Rc8 22. Rb1 $18 {Weiß steht klar auf
Gewinn.} Rc7 23. g3 Ke7 24. Rdb3 Kd7 25. Kf1 h5 26. h4 Ke7 27. Rb7 Kd7 28. R1b3
g6 29. Ke1 Ne7 30. Kd2 Nd5 31. a3 Ne7 32. Rxc7+ Kxc7 {KT-KS} 33. Rf3 Nf5 34.
Rf4 Kc8 35. Kc3 Kc7 36. Kb4 Kc8 37. Ka5 Kb7 38. Rb4+ Kc7 39. Ka6 Ne7 40. Rb7+
Kd8 {[#]} 41. Rxe7 $1 {[%mdl 512]} 1-0

[Event "SK Starnberg 1-SK Bruckmuehl 1"]
[Site "?"]
[Date "2025.03.23"]
[Round "8.4"]
[White "Flemming, Achim"]
[Black "Zeindlmeier, Thomas"]
[Result "1-0"]
[WhiteElo "2012"]
[BlackElo "1939"]
[Annotator "Stockfish 17"]
[PlyCount "51"]
[EventDate "2025.??.??"]
[WhiteTeam "SK Starnberg 1"]
[BlackTeam "SK Bruckmühl 1"]

{[%evp 9,51,27,29,32,49,43,52,46,56,41,66,69,63,60,120,42,110,71,126,77,81,95,
162,75,75,79,185,181,167,168,203,199,367,372,545,543,537,505,29993,29994,29994,
29995,29997,29998]} 1. Nc3 d5 2. e4 d4 3. Nce2 e5 $15 {wie kann man freiwillig
die Eröffnung so spielen?} 4. Ng3 c5 (4... Be6 $142 {oder andere
Fortsetzungen kann man in FRITZ unter "Referenz" abspulen} 5. Nf3 f6 6. Be2 Nc6
) 5. Bc4 Nc6 6. Nf3 Be7 7. d3 Nf6 8. O-O O-O 9. Qe2 (9. Bb5 $5 $14 {der
Schwarze sollte seine Eröffnung überprüfen}) 9... Bg4 10. h3 Be6 11. Bb5 $14
Qc7 12. Nh4 (12. Bxc6 $16 bxc6 13. b3) 12... Bd6 (12... Na5 $14) 13. Nhf5 $16 {
diese Stellung hat er nicht zwangsläufig erreicht, sondern durch
Ungenauigkeiten des Schwarzen} Ne7 $6 14. Bg5 (14. Nxd6 Qxd6 15. f4 $16) 14...
Ne8 15. Qg4 Bxf5 $2 (15... Nxf5 $16 16. exf5 (16. Nxf5 Bxf5 17. Qxf5 Be7 $11)
16... Bd5) 16. Nxf5 (16. exf5 $1 $18 {ist viel giftiger.} Nd5 17. Nh5) 16...
Nxf5 17. exf5 f6 $2 (17... a6 $16 {kämpft weiter.} 18. Bxe8 Rfxe8) 18. Bc4+
Kh8 19. Bd2 Qc6 20. Qh5 Qd7 $2 (20... Bc7 21. Bf7 Qd7) 21. Rae1 $18 {[%cal
Ba1e1,Be1e4,Be4g4,Bg4g6,Bg6h6][%mdl 32] lt. Stockfish ist Schwarz schon
hoffnungslos verloren [#]} Nc7 {[#]} (21... Rg8 $142 22. Bf7 g6 23. fxg6 Rg7)
22. Re4 $1 {Weiss droht Dxh7+! und Matt.} h6 23. Rg4 {jetzt Lxh6! und aus.} (
23. Rh4 Qe8 24. Qg4 {#16} Rf7 {was sonst ?} 25. Bxh6 gxh6 26. Bxf7 Qxf7 27.
Rxh6+ {mit schnellem ko}) 23... b5 (23... e4 $18 24. dxe4 (24. Bxh6 gxh6 25.
Rg6 Bf4 $18) 24... b5) 24. Bxh6 $1 {#6} gxh6 {[#]} 25. Rg6 $1 bxc4 (25... Qh7
26. Rxh6) 26. Rxh6+ 1-0

[Event "SK Starnberg 1-SK Bruckmuehl 1"]
[Site "?"]
[Date "2025.03.23"]
[Round "8.5"]
[White "Stoffel, Matthias"]
[Black "Litzka, Matthias"]
[Result "1-0"]
[WhiteElo "1982"]
[BlackElo "2008"]
[Annotator "Stockfish 17"]
[PlyCount "67"]
[EventDate "2025.??.??"]
[WhiteTeam "SK Bruckmühl 1"]
[BlackTeam "SK Starnberg 1"]

{[%evp 9,67,16,23,-6,14,-52,-51,-46,-43,-99,-73,-108,-63,-81,-75,-83,-73,-97,
-63,-153,-79,-89,-83,-195,-195,-223,-161,-143,-146,-180,-145,-216,-173,-150,0,
-2,-15,-93,-89,-65,224,229,699,130,138,143,138,0,75,84,119,0,56,12,7,-1,524,
519,29997,29998]} 1. e4 c6 2. d4 d5 3. e5 c5 (3... Bf5 4. Nc3 e6 5. g4 Bg6 6.
Nge2 c5 {konnte der Schwarze auch anvisieren}) 4. dxc5 e6 5. Qg4 h5 6. Qg3 h4
7. Qg4 $6 (7. Qc3 $11 {da steht die Q besser}) 7... Nh6 $15 8. Bxh6 Rxh6 9. Bd3
Nd7 10. Nf3 Nxc5 {[%cal Bd7c5,Bc5a4,Ba4c3][%mdl 32]} 11. Bb5+ Bd7 12. Bxd7+
Qxd7 13. O-O O-O-O 14. Nbd2 (14. c4 $142 $1 $15) 14... Kb8 (14... f5 $142 15.
exf6 gxf6) 15. b4 Na4 16. b5 $2 {Weiß glaubt anzugreifen} (16. a3 $17) 16...
Nc3 $19 ({Keinesfalls} 16... Qxb5 17. Nd4 $17) 17. Nd4 Nxb5 (17... h3 $142 18.
Rfe1 Nxb5 $19) 18. Nxb5 Qxb5 19. Rab1 Qd7 20. a4 (20. h3 $17 {ist eine bessere
Verteidigung.}) 20... g6 21. Rb5 Ka8 {zuviel der Vorsicht} (21... Rc8 $142 $17
22. Rfb1 Rc7 {weht auch Angriffe ab und ist viel aktiver}) 22. Rfb1 $11 Rb8 $1
23. Qd4 $6 {[#]} (23. c4 $1 $11) 23... Qc7 $1 $17 24. c4 dxc4 $4 {[%mdl 8192]}
(24... Rh5 $1 $15) 25. Nxc4 $18 b6 $2 (25... f5 26. Ra5 (26. exf6 Rh5 $18)
26... b5) 26. Nd6 $2 $40 {[%mdl 128] Schwarz ist in Schwierigkeiten.} (26. Qe4+
$18 {bietet bessere Gewinnchancen.} Rb7 27. Nxb6+ axb6 28. Rxb6 {mit schnellem
Ende}) 26... Bxd6 $16 27. exd6 Qc6 {[#]} 28. a5 (28. h3 $1 $16) 28... Rh5 (
28... h3 $11 29. f3 Rh5 30. Rxh5 gxh5) 29. Rxh5 gxh5 30. d7 (30. Qxh4 $16 bxa5
31. Ra1) 30... Rd8 (30... h3 $5 31. f3 Rd8 $11) 31. axb6 Qxd7 32. Qa1 {Droht
h3.} Rb8 $4 {[%mdl 8192]} (32... h3 $1 $11 {und Schwarz muss sich keine Sorgen
machen.}) 33. b7+ $18 {[%mdl 64] Ablenkung} Rxb7 (33... Qxb7 $18 34. Rxb7 Kxb7)
34. Qh8+ {[%mdl 64] Doppelangriff.} 1-0

[Event "SK Starnberg 1-SK Bruckmuehl 1"]
[Site "?"]
[Date "2025.03.23"]
[Round "8.6"]
[White "Wehr, Stephan"]
[Black "Jaworek, Thomas"]
[Result "1/2-1/2"]
[WhiteElo "1996"]
[BlackElo "1984"]
[Annotator "Stockfish 17"]
[PlyCount "47"]
[EventDate "2025.??.??"]
[WhiteTeam "SK Starnberg 1"]
[BlackTeam "SK Bruckmühl 1"]

{[%evp 11,47,-14,-10,-105,12,8,32,27,24,16,26,18,41,20,21,19,30,4,11,5,5,-1,1,
0,1,-7,12,9,15,12,9,20,61,9,7,8,36,7]} 1. Nf3 Nf6 2. c4 c5 3. g3 d5 4. Bg2 d4
5. O-O Nc6 6. d3 e5 7. e4 $2 (7. e3 $11 Be7 8. exd4 exd4 9. Bf4 O-O {Lobron,
E-Timman,J Brussels SWIFT blitz 1992}) 7... dxe3 (7... h6 $17 8. Nh4 Nh7 $17)
8. fxe3 $11 Be7 9. Nc3 O-O 10. e4 Bg4 11. Be3 Ne8 12. Nd5 Nc7 13. Qd2 Ne6 14.
h3 (14. h4 {sieht schärfer aus.} Ned4 15. Rf2 a5 16. Bxd4 cxd4 17. Kh2) 14...
Bxf3 15. Bxf3 Bg5 16. Bxg5 Qxg5 17. Qxg5 Nxg5 18. Bg4 Nd4 19. Kg2 Rad8 20. Rf2
f6 21. a3 Nge6 22. Bxe6+ Nxe6 23. b4 Rd6 24. b5 1/2-1/2

[Event "SK Starnberg 1-SK Bruckmuehl 1"]
[Site "?"]
[Date "2025.03.23"]
[Round "8.7"]
[White "Ahlbrecht, Michael"]
[Black "Absmaier, Friedrich"]
[Result "1/2-1/2"]
[WhiteElo "1717"]
[BlackElo "2014"]
[Annotator "Stockfish 17"]
[PlyCount "91"]
[EventDate "2025.??.??"]
[WhiteTeam "SK Bruckmühl 1"]
[BlackTeam "SK Starnberg 1"]

{[%evp 18,91,-7,-12,-12,-40,20,-32,-33,-53,-10,-32,-22,-6,9,-55,-49,-48,-53,
-93,-93,-112,-71,-116,-122,-130,-124,-148,-170,-142,-145,-209,-210,-206,-151,
-150,-142,-147,-142,-268,-265,-267,-270,-354,-358,-346,-319,-415,-282,-277,
-263,-264,-241,-285,-279,-263,-272,-233,-162,-157,-15,-34,0,0,77,94,80,0,0,0,0,
0,0,0,0,0]} 1. f4 Nf6 2. Nf3 g6 3. b3 Bg7 4. Bb2 O-O 5. e3 c5 6. Be2 Nc6 7. O-O
d5 8. Ne5 Qd6 9. Nxc6 Qxc6 10. Bf3 b5 11. a4 a6 12. Nc3 Be6 $15 13. Qe2 {
[%cal Ra4b5]} Ne4 (13... b4 $5 {[%cal Rb4c3]} 14. Nd1 Rac8 $15) 14. Nd1 c4 (
14... Bxb2 15. Nxb2 Qd6 $15 {kämpft um Vorteil}) 15. Bxg7 Kxg7 16. d3 (16.
axb5 $11 axb5 17. Nf2) 16... cxd3 17. cxd3 Nf6 18. a5 $6 Rac8 $17 19. Qb2 Kg8
20. Nf2 Qc5 21. Rfe1 Qb4 22. Qa3 $6 Qxa3 23. Rxa3 Rc3 {Weiß hat sich in eine
schlechte Stellung geritten} 24. Bd1 $6 (24. Rb1 $17 {ist eine bessere
Verteidigung.}) 24... Rd8 25. Ra1 h5 (25... d4 $1 26. exd4 Rxd4 $19 {nimmt
entscheidende Ausmaße an}) 26. b4 Rdc8 (26... d4 $1 27. e4) 27. h3 h4 28. Re2
(28. Rb1 $17) 28... d4 $19 29. exd4 Nd5 30. Ne4 {[#]} Rc1 {[%cal Rc1a1]} ({
Nicht} 30... Rxd3 31. Nc5 $17) 31. Rxc1 Rxc1 32. Nf2 Nc3 (32... Nxb4 {und der
Rest ist Schweigen}) 33. Rc2 Rxc2 ({Schwächer ist} 33... Rxd1+ 34. Nxd1 Nxd1
35. Rc6 $16) 34. Bxc2 {[%mdl 4096] Endspiel KLS-KLS} Ne2+ 35. Kf1 Nxd4 ({
Viel schwächer ist} 35... Nxf4 36. Ne4 $17) 36. Bd1 f5 37. Bf3 Bc8 (37... Nc2
$1 38. Bb7 Nxb4 $19 {war sehr einfach}) 38. Ke1 e6 $2 {verspielt den Sieg. Dem
wesentlich stärkeren Spieler dürfte dies nicht passieren} (38... Kg7 $17 39.
Kd2 Kf6) 39. Kd2 $11 Kf7 40. Ke3 $1 {[%cal Re3d4]} Nxf3 $6 (40... Nc2+ $11 41.
Kd2 Nxb4) 41. gxf3 {KL-KS} Ke7 42. Kd4 (42. d4 $16) 42... Kd6 {Die Stellung
ist ausgeglichen.} 43. Nd1 Bb7 44. Ke3 Bc6 45. Nf2 Be8 46. Kd4 1/2-1/2

[Event "SK Starnberg 1-SK Bruckmuehl 1"]
[Site "?"]
[Date "2025.03.23"]
[Round "8.8"]
[White "Pappenheim, Rainer"]
[Black "Huettner, Peter"]
[Result "1-0"]
[WhiteElo "1963"]
[BlackElo "1730"]
[Annotator "Stockfish 17"]
[PlyCount "97"]
[EventDate "2025.??.??"]
[WhiteTeam "SK Starnberg 1"]
[BlackTeam "SK Bruckmühl 1"]

{[%evp 0,97,25,10,50,40,20,11,24,3,15,40,43,40,65,56,53,53,56,81,140,122,119,
46,57,28,54,54,39,49,57,63,51,16,86,85,83,52,55,28,24,15,40,44,833,92,92,64,71,
78,88,37,55,55,50,18,150,74,137,32,158,69,124,58,77,63,70,51,109,56,91,32,69,
21,30,21,22,14,87,80,442,109,104,99,240,164,168,124,421,973,1579,1643,2056,993,
29979,29982,29983,29984,29985,29986]} 1. e4 e6 2. d4 d5 3. Nd2 c5 4. Ngf3 Nc6
5. exd5 exd5 6. Bb5 a6 $6 (6... Bd6 7. dxc5 Bxc5 8. O-O Nge7 9. Nb3 Bd6 (9...
Bb6 10. Re1 O-O 11. Bg5 h6 12. Bh4 {Karpov,A-Vaganian,R Budapest 1973}) 10. Bg5
{ist die Großvariante} O-O 11. Re1 Bg4 12. Be2 h6 13. Bh4 Re8 14. Nfd4 Bxe2
15. Rxe2 Qb6 {Huebner,R-Vaganian,R 1/2 (20) Barcelona WCup 1989}) 7. Bxc6+ bxc6
8. O-O Nf6 $6 (8... Bd6 9. dxc5 Bxc5 10. Nb3 Bd6 11. Qd4 {Gligoric,S-Stahlberg,
G Split 1949}) 9. Re1+ Be6 {keine guite Eröffnungsbehandlung, wie die
Bewertung +1.90 beweist} (9... Be7 10. dxc5 O-O 11. Nb3 Ne4 12. Be3 {
Thorsteinsson,B-Halfdanarson,J Icelandic Chess Cham 1969}) 10. Ng5 Qc8 11. Nb3
(11. Ndf3 $142 $1 c4 12. Nxe6 fxe6 13. Bf4 Ra7 14. Ng5 $18) 11... c4 12. Nc5
Bxc5 13. dxc5 O-O 14. Nxe6 fxe6 15. b3 cxb3 16. cxb3 Ne4 (16... Qc7 $14) 17. f3
Nf6 18. Qe2 (18. Bf4 $16) 18... Re8 19. Bb2 $11 Nd7 20. Qe3 Re7 21. Qg5 Nf8 22.
Rad1 (22. Qxe7 $18 {oder ist die Notation nicht richtig? Hier und später kann
man daran zweifeln}) 22... Rf7 23. Be5 Qd8 24. Qd2 Ng6 25. Qd3 Nxe5 26. Rxe5
Qa5 27. Qc2 Qc7 $2 (27... Re8 $11) 28. Rde1 (28. Rxe6 {was sprach dagegen?})
28... Rf6 29. Qe2 (29. Rxe6) 29... Qc8 30. Qd2 (30. Rxe6 $18) 30... Qc7 31. Qb4
Kf7 32. Qa4 Qb7 33. Qa5 Qb5 34. Qc3 Qb8 35. Qd3 Qb5 36. Qxh7 Qxc5+ 37. Kh1 Rh6
38. Qd3 Qb5 39. Qe3 c5 40. f4 Qc6 41. f5 Rah8 $2 42. fxe6+ $18 Ke8 43. h3 Rh4
44. Qg5 Rxh3+ 45. gxh3 d4+ 46. Kh2 Qf3 47. Qg6+ Kd8 48. e7+ Kc7 49. e8=N+ 1-0

[Event "SC Groebenzell 2-SK Freising 1"]
[Site "?"]
[Date "2025.03.23"]
[Round "8.1"]
[White "Trapp, Maximilian"]
[Black "Schmidt, Anton"]
[Result "1/2-1/2"]
[WhiteElo "2190"]
[BlackElo "2060"]
[Annotator "Stockfish 17"]
[PlyCount "18"]
[EventDate "2025.??.??"]
[WhiteTeam "SK Freising 1"]
[BlackTeam "SC Gröbenzell 2"]

{[%evp 17,18,20,23]} 1. d4 d5 2. Nf3 c5 3. e3 Nf6 4. c4 e6 5. Nc3 a6 6. dxc5 (
6. cxd5 exd5 7. Be2 Nc6 8. O-O Bd6 {Gulko,B-Speelman,J ESP chT Oropesa del Mar
1996}) 6... Bxc5 7. a3 Nc6 8. b4 Bd6 9. Bb2 O-O 1/2-1/2